| 000 | 01298nam0a2200301 4500 | ||
|---|---|---|---|
| 001 | RU\NLR\bibl\24670 | ||
| 005 | 20260407020303.0 | ||
| 010 |
_a5-7691-0873-8 _9200 |
||
| 021 |
_aRU _b99-6899 _9335 |
||
| 035 | _a(NLR Aleph) 000024048 | ||
| 090 |
_a114247 _c114247 |
||
| 100 | _a19990428d1998 |||y0rusy50 ca | ||
| 101 | 0 | _arus | |
| 102 | _aRU | ||
| 105 | _a||||||||||||| | ||
| 200 | 1 |
_aТеория и практика геоэлектрических исследований _eСб. науч. трудов _fРос. акад. наук. Урал. отд-ние. Ин-т геофизики _g[Отв. ред.: к.т.н. Р.В. Улитин, д-р физ.-мат. н. П.С. Мартышко] |
|
| 210 |
_aЕкатеринбург _cИн-т геофизики УрО РАН _d1998 |
||
| 215 |
_a174 с. _cил. _d20 |
||
| 320 | _aБиблиогр. в конце ст. | ||
| 606 | 0 |
_aГеоэлектрические исследования _jСборники _91232500 _3RU\NLR\auth\66184928 |
|
| 686 | _aД214.1я43 | ||
| 702 | 1 |
_aУлитин _bР. В. _4340 |
|
| 712 | 0 | 2 |
_4570 _aИнститут геофизики _cЕкатеринбург _3RU\NLR\AUTH\8810005035 _9507428 |
| 801 | 0 |
_aRU _bNLR _c19990428 _gPSBO |
|
| 801 | 1 |
_aRU _bNLR _c19990428 |
|
| 852 |
_aNLR _j99-3/2402 |
||
| 942 | _cBOOK | ||
| 980 | _aNB | ||